000
00318nam a22001337a 4500
008
170427b xxu||||| |||| 00| 0 eng d
020
_a
0138201366
041
_a
eng
080
_2
5 ED
_a
343.9
100
_a
13
101
_a
SHJ
245
_a
SOCIETY CRIME AND CRIMINAL BEHAVIOR
_c
GIBBONS.D.C
942
_2
udc
_c
BK
999
_c
12285
_d
12285